|
|
|
|
| LEADER |
00000nab a2200000 a 4500 |
| 001 |
vtls000163122 |
| 003 |
SK-MaSNL |
| 005 |
20260304071501.0 |
| 008 |
250422c1983 xo 0 slo |
| 015 |
|
|
|a SNBRB19rr/mm-uuuuu
|
| 035 |
|
|
|a CL0173233
|
| 035 |
|
|
|a urn:nbn:sk:snk-ab2qt0
|
| 035 |
|
|
|a (urnnbn)urn:nbn:sk:snk:ar-a02tgp
|
| 035 |
|
|
|a (uuid)0147407f-0580-48a0-a044-228f35051098
|
| 040 |
|
|
|a SNKBUCL
|b slo
|c SNKBUCL
|e AACR2
|
| 041 |
0 |
|
|a slo
|
| 044 |
|
|
|a xo
|c SK
|
| 080 |
|
|
|a 624.159.2
|2 1981
|
| 100 |
1 |
|
|a Vadovič, František
|4 aut
|9 1358654
|
| 245 |
1 |
0 |
|a Grafická analýza sadania základov stavebných objektov
|c František Vadovič
|
| 300 |
|
|
|b Obr. 7., lit. 4 zázn. v angl., franc.
|
| 650 |
0 |
7 |
|a stavby
|2 snkbucl
|9 2983
|
| 650 |
0 |
7 |
|a základy stavebné
|2 snkbucl
|9 938874
|
| 655 |
|
7 |
|a články z novín a časopisov
|2 snkbucl
|9 267496
|
| 773 |
0 |
|
|t Inženýrské stavby
|g Roč. 31, č. 8 (1983), s. 416-420
|
| 850 |
|
|
|a Slovenská národná knižnica
|
| 852 |
|
|
|a Slovenská národná knižnica
|
| 954 |
|
|
|a odborná, vedecká literatúra pôvodná (slovenská)
|2 lita
|
| 958 |
|
|
|a article2022
|
| 958 |
|
|
|a RK
|
| 958 |
|
|
|a OND
|
| 958 |
|
|
|a EUIPO
|
| 992 |
|
|
|a RBX
|
| 999 |
|
|
|c 2760633
|d 2762563
|